|
|
|
|
| LEADER |
00877nab#a2200313#ar4500 |
| 001 |
000074699 |
| 003 |
SVKKK |
| 005 |
20050330xxxxxxx. |
| 008 |
06 c xo huno |
| FMT |
|
|
|
| 038 |
|
|
|a SVKKK
|
| 040 |
|
|
|a SVKKK
|b slo
|e AACR2
|
| 041 |
0 |
|
|a hun
|
| 044 |
|
|
|a xo
|c SK
|
| 080 |
|
|
|a 296
|
| 242 |
1 |
0 |
|a Úmrtie
|
| 245 |
0 |
0 |
|a Halálozás
|
| 500 |
|
|
|a mikrofilm
|
| 520 |
2 |
|
|a Správa o smrti hlavného rabína Užhorodu Lazara Löwa (1838-1917) dňa 29.11.1917. Menovaný zomrel vo veku 79 rokov.
|
| 650 |
0 |
4 |
|a úmrtie - Löw, Lazar (hlavný rabín, 1838-1917) - židovská ortodoxná náboženská obec, Užhorod - 29.11.1917 - správy
|
| 773 |
0 |
|
|t Felvidéki Hirlap
|g Roč. 11, č. 21 (09.12.1917) s. 3
|
| 957 |
|
|
|a Užhorod
|
| 958 |
|
|
|a CI
|
| 958 |
|
|
|a DG
|
| 958 |
|
|
|a SK
|
| 974 |
|
|
|a Ba
|d 20050330
|
| 992 |
|
|
|a RBX
|
| BAS |
|
|
|
| 998 |
|
|
|a RETRO
|